| 000 | 00497nam a22001937a 4500 | ||
|---|---|---|---|
| 003 | MPLRDC | ||
| 005 | 20220104123925.0 | ||
| 008 | 210129b ||||| |||| 00| 0 eng d | ||
| 020 | _a7-80096-120-0 | ||
| 082 | _a797 ZHWW v.2 | ||
| 100 | _a王颀、杨蕾著 | ||
| 245 |
_a名画购藏与鉴赏 _c |
||
| 250 | _a一版一刷 | ||
| 260 |
_a _b中国致公出版社 _c1994 |
||
| 300 | _b平 | ||
| 490 | _a中华文物精品鉴赏丛书 | ||
| 650 | _a中国古物志 | ||
| 942 |
_cBK _o797 ZHWW v.2 |
||
| 999 |
_c15263 _d15253 |
||